Quiz da República Centro-Africana - Statistics

Estatísticas Gerais
  • Esse quiz foi jogado 413 vezes
  • A pontuação média é 11 de 18
Estatísticas das Respostas
Dica Resposta % Correto
Países fazendo fronteira com a RCA R. D. do Congo
93%
Países fazendo fronteira com a RCA R. do Congo
92%
Línguas oficiais Francês
89%
Países fazendo fronteira com a RCA Sudão
88%
Países fazendo fronteira com a RCA Sudão do Sul
86%
Países fazendo fronteira com a RCA Chade
84%
Países fazendo fronteira com a RCA Camarões
82%
Moeda oficial {Franco} CFA
68%
Capital Bangui
65%
Bioma que cobre quase toda da RCA Savana
62%
Bússolas podem não funcionar corretamente na RCA porque a maior parte do país está coberta por uma grande anomalia ______ Magnética
52%
Título que o presidente Jean-Bédel Bokassa deu a si mesmo em 1979 Imperador
48%
Devido à sua localização remota e à falta de eletricidade, a RCA tem a menor poluição de ____ de qualquer país Luz
42%
Mosca transmissora de doenças que impede o pastoreiro de gado Mosca {tsé-tsé}
37%
Representam 57% das exportações oficiais Diamantes
34%
Línguas oficiais Sango
27%
Rio onde a capital está localizada Ubangui
22%
Segunda maior cidade Bimbo
21%
Nenhum quiz correspondente encontrado
Distribuição das Pontuações
Porcentagem de Pessoas com Cada Pontuação
Percentil de Números Respondidos
Sua Pontuação Histórica
Você não jogou esse quiz